Score 0/16 Timer 02:00
0 Plays Today
Food Missing Capital % Correct
___ Cream PieBoston
86.2%
___ BroilLondon
84.3%
___ SproutsBrussels
78.8%
___ DuckPeking
75.8%
___ ApplesRome
74.7%
___ BeansLima
74.6%
___ OmeletDenver
74.1%
Chicken ___Kiev
60.6%
Food Missing Capital % Correct
___ SoleDover
59.8%
Beef ___Wellington
59.1%
___ ArtichokeJerusalem
57.3%
___ FingersVienna
56.2%
___ GrapesConcord
51.1%
___ MustardDijon
48.8%
Crab ___Rangoon
27.9%
___ PepperCayenne
15.6%

Today's Daily Dose

Remove Ads.
Support Sporcle.
Get the best of Sporcle when you Go Orange. This ad-free experience offers more features, more stats, and more fun while also helping to support Sporcle. Thank you for becoming a member.

You're not logged in!

Compare scores with friends on all Sporcle quizzes.
OR
Log In

Show Comments

Extras

Top Quizzes Today


Score Distribution

Your Account Isn't Verified!

In order to create a playlist on Sporcle, you need to verify the email address you used during registration. Go to your Sporcle Settings to finish the process.

Report this User

Report this user for behavior that violates our Community Guidelines.

Details: